01166nam a2200265Ia 4500001000600000003000900006008004100015040001300056040001300069041001300082100001100095100002900106245007400135245007300209250001100282260001000293260000900303260004900312300005700361500036800418650003500786650003100821700002100852700002700873C7149IT-RoPAU130308s9999 xx 000 0 und d aIT-RoPAU cIT-RoPAU aFRANCESE aAA.VV. gCodice Aut. SPICS: 12000 aHermes-11/12-A la recherche du public. Reception , television, medias bHermes-11/12-A la Recherche Du Public. Reception, Television, Medias a1a ed. aPARIS bCNRS c1993 [1° Ed.:1993 - Ed.Ling.Originale:1993] a"442 p. (prefazione: no ; testo: 442 [pagine: 0-0])" aHermes 11/12: Alla Ricerca del Pubblico: Recezione, Televisione e Media. Parola al Pubblico. Ascolto del Pubblico. Parola del Pubblico o Conoscenza Sulla Recezione. Omaggi in Memoria di Abraham Moles e Francois Bourricaud. Antologia di scritti di vari Autori su Comunicazione, Giornalismo, Politica,Mass Media. Storia del Pubblico della Radio e della Televisione. aSAGGI DI COMUNICAZIONE SOCIALE eCodice materia Spics: 3807 aWolton Dominique gCodice Aut. SPICS: 412